| 000 | 00419nam a22001577a 4500 | ||
|---|---|---|---|
| 003 | OSt | ||
| 005 | 20240410113236.0 | ||
| 008 | 240410b |||||||| |||| 00| 0 eng d | ||
| 040 | _cCentral Library MRSPTU | ||
| 100 | _aOsho (ਓਸ਼ੋ) | ||
| 245 | _aSadhana Path Osho (ਸਾਧਨਾ ਪਥ ਓਸ਼ੋ) | ||
| 250 | _a1st | ||
| 260 |
_aLudhiana _bJorbha Publications _c1998 |
||
| 300 | _a195 | ||
| 942 |
_2ddc _cBK _n0 |
||
| 999 |
_c10015 _d10015 |
||